00300 a2200097 4500001001000000005001700010008004100027245005200068100002400120773005800144ART_1801420260410161656.0260409a 10aIntereses y multas en los anticipos impositivos1 aFolco, Carlos Maria0 tPráctica profesionalg- Nº 126 (sep. 2010)wREV542